000 00550nam a2200181 a 4500
001 000042821
005 20201002040424.0
008 140210s1994 sp ac 000 0 spa d
020 _a8423323579
040 _aDO-SdBNP
_bspa
_cBNPHU
245 0 0 _a50 Años del Premio Nadal /.
246 1 0 _aCincuenta años del Premio Nadal
260 _aBarcelona :
_bDestino Áncora y Delfín,
_c1994.
300 _a262 p :
_bil., retrs. ;
_c21 cm.
490 1 _aÁncora y delfín
_v722
500 _aRecull del premi Nadal
830 0 _aÁncora y delfín
_v722
_94704
999 _c42310
_d42310